000 00711nam a2200289Ia 4500
005 20260324120815.0
008 008 260324s9999 xx 000 0 eng d
020 _a9781315600291
037 _aEBOOK
040 _aCRL
040 _beng
040 _cCRL
041 _2eng
041 _aeng
084 _qCRL
100 _aStephen Games
_91156922
245 0 _aPevsner: The Complete Broadcast Talks
245 0 _bArchitecture and Art on Radio and Television, 1945-1977
260 _bTaylor and Francis
260 _c2014
365 _a
365 _b230
856 _uhttp://www.taylorfrancis.com/books/9781315600291
942 _cEBOOK
999 _c1751763
_d1751763